[Event "FRA-ch U14 Girls"]
[Site "Troyes"]
[Date "2010.04.15"]
[Round "6"]
[White "Rigolot, Lucie"]
[Black "Sourice, Nolwenn"]
[Result "1-0"]
[WhiteElo "1900"]
[BlackElo "1540"]
[PlyCount "81"]
[EventDate "2010.04.11"]
[EventType "swiss"]
[EventRounds "9"]
[EventCountry "FRA"]
[SourceTitle "EXT 2012"]
[Source "ChessBase"]
[SourceDate "2011.11.24"]
[SourceVersion "1"]
[SourceVersionDate "2011.11.24"]
[SourceQuality "1"]

1. e4 e5 2. Nf3 Nc6 3. c3 Nf6 4. d4 exd4 5. e5 Nd5 6. cxd4 d6 7. Bb5 Be7 8. 0-0 0-0 9. h3 Be6 10. Nc3 Rb8 11. Ne4 h6 12. Ng3 a6 13. Ba4 Qd7 14. a3 Rbd8 15. Bc2 f5 16. exf6 Nxf6 17. Nh4 d5 18. Ng6 Rf7 19. Qd3 Bd6 20. Re1 Re8 21. Ne5 Bxe5 22. dxe5 Ne4 23. Nxe4 dxe4 24. Qg3 Qd4 25. Rxe4 Qd5 26. Re1 Bd7 27. Bb3 Qa5 28. Bxf7+ Kxf7 29. f4 Nd4 30. b4 Qb5 31. Qf2 Qd5 32. Rd1 Qc6 33. Qxd4 Be6 34. Bb2 Re7 35. Rac1 Qd7 36. Qxd7 Bxd7 37. Rxc7 Ke8 38. Rxb7 Bc6 39. Rb6 Bb5 40. e6 Bc6 41. Rb8# 1-0